| 000 | 00736nam a2200229 4500 | ||
|---|---|---|---|
| 003 | OSt | ||
| 005 | 20240731063037.0 | ||
| 006 | a | ||
| 008 | 240731b |||||||| |||| 00| 0 eng d | ||
| 020 | _a0781752833 | ||
| 040 |
_aDWCL-HMN lib. _cOC |
||
| 082 | _aCirc. 610.7 On58 2006 | ||
| 100 | _aJalini Jairath | ||
| 245 | _aOnline health science education : development and implementation / | ||
| 260 |
_aPhiladelphia : _bLippincott Williams & Wilkins, _cc2006. |
||
| 300 |
_axviii, _b182 p. : ill. ; _c23 cm. |
||
| 504 | _aIncludes bibliographical references & index. | ||
| 650 | _a1. Medicine-Study and teaching. | ||
| 650 | _a2. Paramedical education. | ||
| 650 | _a3. Distance education. | ||
| 942 |
_2ddc _n0 _cBK-CIRC _kCirc. |
||
| 999 |
_c3042 _d3042 |
||